Statistics for Maths Quiz

Click here to take the quiz!

General Stats

  • This quiz has been taken 38 times
  • The average score is 9 of 15

Answer Stats

QuestionAnswer% Correct
0x100,3480
94%
456-124332
88%
How many boxes of chocolates costing £3.20 could you buy from £20?6
85%
10x550
79%
171 ÷ 357
71%
A teacher has 153 sweets.
The teacher shares the sweets equally among 9 students.
How many sweets does each pupil receive?
17
68%
180x234140
65%
915 ÷ 1561
65%
Find the remainder when 817 is divided by 9.7
59%
3276 ÷ 7468
53%
Mr Igors Pipers puts 230 eggs into boxes.
Each box holds 12 eggs.
How many egg boxes does Mr Igors Pipers need to put all the eggs into boxes?
20
50%
1,789,234,444-1,678,234,144111,000,300
44%
Nick has £10 to buy rulers at 60p each.
What change should he get if he buys as many as possible?
40p
32%
5 friends go on a coach trip.
The total cost of the trip is £84.
Work out the cost for each person.
£16.80
24%
Luca has £7.04 credit on her mobile phone.
It costs 8p to send a text message.
How many text messages can Luca send?
£88
3%

Score Distribution

Percentile by Number Answered

Percent of People with Each Score

Your Score History

You have not taken this quiz